000
00222 a2200097 4500
001
28253
100
_a
Sheperd, W G
245
_a
Market power and economy welfare
260
_a
_b
Random House
_c
1970
090
_c
18870
_d
18870
942
_a
NUST-CAE
_c
M
_c
9858
999
_c
263326
_d
263326